000 00473nam a22001817a 4500
005 20260529153948.0
008 260529b |||||||| |||| 00| 0 eng d
020 _a9789355017635
_c475.00
040 _aMAIN
041 _aEnglish
082 _a153.9
_bSRI
100 _aSrivastava, Vijay Shankar
_926938
245 _aTest of General Intelligence And Mental Ability
260 _aNoida
_bS. Chand
_c2023
300 _a448
650 _aCompetitive Books
942 _cBK
999 _c60919
_d60919